Sloboda slova v liberálnych demokraciách analýza súčasných výziev a trendov

Saved in:
Bibliographic Details
Main Author: Karasová, Alexandra
Corporate Author: Fakulta medzinárodných vzťahov EU. Katedra medzinárodných politických vzťahov
Other Authors: Karas, Martin, 1991-
Format: Book
Language:Slovak
Published: Bratislava 2022
Tags: Add Tag
No Tags, Be the first to tag this record!

MARC

LEADER 00000nbm a2200000 4500
001 0285227
005 20230419145323.9
041 0 |a slo 
044 |a SK 
245 1 0 |a Sloboda slova v liberálnych demokraciách  |b analýza súčasných výziev a trendov  |c Alexandra Karasová ; školiteľ: Martin Karas 
264 1 |a Bratislava  |c 2022 
300 |a 45 s. 
100 1 |a Karasová, Alexandra 
700 1 |a Karas, Martin, 1991- 
710 2 |a Fakulta medzinárodných vzťahov EU. Katedra medzinárodných politických vzťahov